Tanzânia - Statistics

Estatísticas Gerais
  • Esse quiz foi jogado 7 vezes
  • A pontuação média é 5 de 10
Estatísticas das Respostas
Hint Resposta % Correto
Onde fica? África
100%
Qual é a sua religião? Cristianismo
80%
Qual é o seu idioma? Inglês
80%
De que país é independente? Reino Unido
80%
Com que oceano faz fronteira a Leste? Índico
60%
Com que país faz fronteira a Sul? Moçambique
60%
Qual é a sua capital? Dodoma
40%
Qual é o seu código ISO? TZA
20%
Qual é a sua cidade mais populosa? Dar es Salaam
0%
Qual é a sua moeda? Xelim tanzaniano
0%
Nenhum quiz correspondente encontrado
Distribuição das Pontuações
Porcentagem de Pessoas com Cada Pontuação
Percentil de Números Respondidos
Sua Pontuação Histórica
Você não jogou esse quiz